| 000 | 00956cam a2200325 a 4500 | ||
|---|---|---|---|
| 001 | 4432760 | ||
| 003 | ARRUPE | ||
| 005 | 20140930170657.0 | ||
| 008 | 780421s1978 gaub b 001 0 eng | ||
| 010 | _a78008674 | ||
| 020 | _a0804207968 | ||
| 035 | _a(OCoLC)3893207 | ||
| 035 | _a(OCoLC)ocm03893207 | ||
| 035 | _a(NNC)4432760 | ||
| 040 |
_aDLC _cDLC _dNNUT |
||
| 043 | _ama----- | ||
| 050 | 0 |
_aBR1067.A7 _bB47 1978 |
|
| 090 |
_aBR1067.A7 _bB47 1978 |
||
| 100 | 1 |
_aBetts, Robert Brenton. _911903 |
|
| 245 | 1 | 0 |
_aChristians in the Arab East : _ba political study / _cby Robert Brenton Betts. |
| 250 | _aRev. ed. | ||
| 260 |
_aAtlanta : _bJohn Knox Press, _cc1978. |
||
| 300 |
_axvii, 318 p. : _bmaps ; _c21 cm. |
||
| 500 | _aIncludes index. | ||
| 504 | _aBibliography: p. 277-303. | ||
| 650 | 0 |
_aChristians _zArab countries. _911904 |
|
| 651 | 0 |
_aArab countries _xPolitics and government. _911905 |
|
| 942 |
_2lcc _cMONOGRAPH |
||
| 999 |
_c121029 _d121029 |
||